| 000 | 00870naa a22002537u 4500 | ||
|---|---|---|---|
| 001 | 06763 | ||
| 003 | HDC | ||
| 007 | cr bn ---aaaaa | ||
| 008 | 210124t2014 -cn 000 0 eng | ||
| 040 | _aHDC | ||
| 100 |
_aReuters., Thomson., _eauthor _96989 |
||
| 245 | 0 |
_aCANADA ISLAMIC FINANCE OUTLOOK 2016 / _cby Thomson Reuters. |
|
| 260 |
_a[No place] : _b[publisher not identified], _c2014 |
||
| 300 | _a76 pages : illustrations | ||
| 336 |
_atext _2rdacontent |
||
| 337 |
_acomputer _2rdamedia |
||
| 338 |
_aonline resource _2rdacarrier |
||
| 650 |
_aBanks and banking _92598 |
||
| 650 |
_aFinance _xReligious aspects _xIslam _9438 |
||
| 856 | _zRequest full-text at [email protected] | ||
| 942 | _2lcc | ||
| 942 | _cEIS | ||
| 942 | _kEMAG 000370 | ||
| 999 |
_c4087 _d4087 |
||